Science Quiz

Random Science or Clickable Quiz

Immuno Block2 Week1 Quiz Stats

 Plays Quiz not verified by Sporcle

Support Sporcle.
Go Orange.
Score 0/51 Timer 20:00
0 Plays Today
% Correct
conformational epitopes
76.9%
TCR
76.9%
Class I
76.9%
CD4
76.9%
IgM
76.9%
Antigen (Ag)
69.2%
CD15
69.2%
Polysaccharide
69.2%
glycoprotein
69.2%
linear epitope
69.2%
strong immunogens
69.2%
CD4
69.2%
CD34
69.2%
IgG
69.2%
IgG
69.2%
IgG
69.2%
IgM
69.2%
CD8
61.5%
CD8
61.5%
CD19
61.5%
CD56
61.5%
polysaccharide
61.5%
IgA
61.5%
IgA
61.5%
IgE
61.5%
IgE
61.5%
% Correct
multimeric Igs (IgM and IgA)
61.5%
61.5%
Immunogen
53.8%
Btk
53.8%
glycolipid
53.8%
penicillin
53.8%
CD3
53.8%
monoclonal antibodies
53.8%
glycolipid
53.8%
IgA
53.8%
IgG
53.8%
FcεR
53.8%
CDR3
46.2%
agretope
46.2%
IgD
46.2%
IgD
46.2%
allotypic
46.2%
idiotypic
38.5%
V Domain
38.5%
CD95
38.5%
IgE
38.5%
CD molecule
30.8%
Epitope
23.1%
isotypic
23.1%
CD45
15.4%

You're not logged in!

Compare scores with friends on all Sporcle quizzes.
OR
Log In

From the Vault

It'd Have Been a Shorter Movie If...

by scole9179

Common sense ruins a lot of films.
Remove Ads.
Support Sporcle.
Get the best of Sporcle when you Go Orange. This ad-free experience offers more features, more stats, and more fun while also helping to support Sporcle. Thank you for becoming a member.

Show Comments

Extras

Created Feb 2, 2016ReportNominate
Tags:Clickable Quiz, block

Top Quizzes Today


Score Distribution

Your Account Isn't Verified!

In order to create a playlist on Sporcle, you need to verify the email address you used during registration. Go to your Sporcle Settings to finish the process.

Report this User

Report this user for behavior that violates our Community Guidelines.

Details: